000 00301nam a2200109Ia 4500
100 _aKrishnamurthy Hanuru
245 0 _aAgnatanobbana Atma Charitre (Novel)
264 _bAkita Pushtaka|Basavangudi
_a Bangalore
300 _a232
942 _cIR
999 _c120793
_d120793